Statistics for Biggest Cities in the Netherlands

Click here to take the quiz!

General Stats

  • This quiz has been taken 42 times
  • The average score is 6 of 10

Answer Stats

Answer % Correct
Amsterdam
100%
Rotterdam
97%
The Hague
91%
Eindhoven
72%
Utrecht
69%
Groningen
56%
Breda
47%
Tilburg
31%
Nijmegen
16%
Almere
13%

Score Distribution

Percentile by Number Answered

Percent of People with Each Score

Your Score History

You have not taken this quiz